[Event "Apelnstedt op"]
[Site "Apelnstedt"]
[Date "2025.06.29"]
[Round "4"]
[White "Martetschlaeger, Hubert"]
[Black "Garbuszus, Juergen"]
[Result "0-1"]
[WhiteElo "1825"]
[BlackElo "2056"]
[PlyCount "80"]
[EventDate "2025.06.29"]
[EventType "swiss"]
[EventRounds "9"]
[EventCountry "GER"]
[SourceTitle "CB27_2025"]
[SourceDate "2025.07.02"]
[SourceVersion "1"]
[SourceVersionDate "2025.07.02"]
[SourceQuality "1"]

1. d4 f5 2. Bf4 Nf6 3. e3 g6 4. Nf3 Bg7 5. Nbd2 0-0 6. h3 a6 7. a4 b6 8. Bc4+ Kh8 9. 0-0 Bb7 10. Bb3 d6 11. Ng5 e5 12. Bh2 Qe7 13. Ne6 Re8 14. Nxg7 Qxg7 15. c4 Nbd7 16. Bc2 Rf8 17. d5 a5 18. Rb1 Rae8 19. b4 axb4 20. Rxb4 Nc5 21. Nb3 Na6 22. Rb5 Bc8 23. Nc1 Bd7 24. Rb2 e4 25. Ra2 Nc5 26. Ne2 g5 27. Nd4 Re7 28. a5 bxa5 29. Rxa5 g4 30. h4 Nh5 31. Ra7 Bc8 32. Rxc7 Rxc7 33. Bxd6 Rff7 34. Bxc7 Rxc7 35. Nxf5 Bxf5 36. d6 Rd7 37. Qd5 Qf6 38. Qxc5 Rxd6 39. Ra1 Qxa1+ 40. Kh2 Qf6 0-1

[Event "Apelnstedt op"]
[Site "Apelnstedt"]
[Date "2025.06.29"]
[Round "2"]
[White "Martetschlaeger, Hubert"]
[Black "Kurzova, Marianna"]
[Result "1-0"]
[WhiteElo "1825"]
[BlackElo "1635"]
[PlyCount "109"]
[EventDate "2025.06.29"]
[EventType "swiss"]
[EventRounds "9"]
[EventCountry "GER"]
[SourceTitle "CB27_2025"]
[SourceDate "2025.07.02"]
[SourceVersion "1"]
[SourceVersionDate "2025.07.02"]
[SourceQuality "1"]

1. d4 d5 2. Nf3 c5 3. c4 cxd4 4. cxd5 Qa5+ 5. Qd2 Qxd5 6. Nc3 Qd8 7. Qxd4 Nc6 8. Qxd8+ Nxd8 9. e4 g6 10. Bb5+ Nc6 11. Nd5 Kd8 12. Bf4 Bg7 13. 0-0-0 Bd7 14. Kb1 Rc8 15. Rhe1 e6 16. Nc3 Nge7 17. Rd6 a6 18. Ba4 b5 19. Red1 Rc7 20. Bb3 Kc8 21. Ng5 e5 22. Be3 f6 23. Ne6 Bxe6 24. Bxe6+ Kb8 25. Nd5 Nxd5 26. exd5 Ne7 27. Rxa6 Nc8 28. d6 Nxd6 29. Raxd6 Rf8 30. Rd8+ Rxd8 31. Rxd8+ Kb7 32. Bd5+ Rc6 33. Bxc6+ Kxc6 34. Ra8 f5 35. Ra7 Bh8 36. Rxh7 Bf6 37. Rf7 Bd8 38. b3 f4 39. Bxf4 exf4 40. Rxf4 Bc7 41. Rh4 g5 42. Rh6+ Kd5 43. h4 gxh4 44. Rxh4 Bb6 45. f3 Ke5 46. Re4+ Kf5 47. g4+ Kg5 48. Kc2 Bc7 49. a4 bxa4 50. bxa4 Bf4 51. a5 Bc7 52. a6 Bb6 53. Kd3 Bg1 54. Re3 Bxe3 55. Kxe3 1-0